[Event "Agneaux St Lo op 18th"]
[Site "Agneaux"]
[Date "2017.07.08"]
[Round "1.9"]
[White "Delorme, Alban"]
[Black "Madurga Lopez, Ignacio"]
[Result "1-0"]
[WhiteElo "2283"]
[BlackElo "2071"]
[PlyCount "25"]
[EventDate "2017.07.08"]
[EventType "swiss"]
[EventRounds "9"]
[EventCountry "FRA"]
[SourceTitle "EXT 2020"]
[Source "ChessBase"]
[SourceDate "2019.10.17"]
[SourceVersion "1"]
[SourceVersionDate "2019.10.17"]
[SourceQuality "1"]

1. d4 Nf6 2. Nf3 c5 3. c4 cxd4 4. Nxd4 e5 5. Nb5 d5 6. cxd5 Bc5 7. d6 Ne4 8. e3 Bxd6 9. Qa4 Nc5 10. Nxd6+ Kf8 11. Qd1 Be6 12. Nc3 Ke7 13. Nde4 1-0

[Event "Madrid-chT 1314"]
[Site "Madrid"]
[Date "2014.03.15"]
[Round "14.13"]
[White "Madurga Lopez, Ignacio"]
[Black "Martin Rueda, Daniel"]
[Result "0-1"]
[WhiteElo "2088"]
[BlackElo "2315"]
[PlyCount "86"]
[EventDate "2013.11.16"]
[EventType "team-tourn"]
[EventRounds "14"]
[EventCountry "ESP"]
[SourceTitle "EXT 2015"]
[Source "ChessBase"]
[SourceDate "2014.11.20"]
[SourceVersion "1"]
[SourceVersionDate "2014.11.20"]
[SourceQuality "1"]
[WhiteTeam "Vallecas CDV"]
[BlackTeam "Liberty Chess"]
[WhiteTeamCountry "ESP"]
[BlackTeamCountry "ESP"]

1. e4 c5 2. d4 cxd4 3. c3 d3 4. Bxd3 d6 5. Nf3 Nd7 6. 0-0 Ngf6 7. Qe2 Qc7 8. Re1 a6 9. e5 Nxe5 10. Nxe5 dxe5 11. Qxe5 Qxe5 12. Rxe5 e6 13. Re1 Bd6 14. Nd2 Bc7 15. Ne4 Nd5 16. Bc4 Nb6 17. Bb3 Bd7 18. Bg5 Bc6 19. Rad1 0-0 20. Be7 Rfe8 21. Bd6 Bxd6 22. Nxd6 Red8 23. Nc4 Nxc4 24. Bxc4 Kf8 25. f3 Ke7 26. Bb3 g5 27. Kf2 h5 28. Rxd8 Rxd8 29. Rd1 Rg8 30. Bc2 f5 31. b4 g4 32. f4 h4 33. Rd3 Bd5 34. Re3 Kf6 35. Bb3 Be4 36. c4 Rd8 37. g3 e5 38. fxe5+ Kxe5 39. gxh4 f4 40. Re2 f3 41. Rb2 Kf4 42. c5 Rh8 43. Bc2 Rxh4 0-1

[Event "Madrid-chT 1314"]
[Site "Madrid"]
[Date "2014.03.09"]
[Round "13.44"]
[White "Madurga Lopez, Ignacio"]
[Black "Ortega Ruiz, Jose Miguel"]
[Result "0-1"]
[WhiteElo "2088"]
[BlackElo "2366"]
[PlyCount "94"]
[EventDate "2013.11.16"]
[EventType "team-tourn"]
[EventRounds "14"]
[EventCountry "ESP"]
[SourceTitle "EXT 2015"]
[Source "ChessBase"]
[SourceDate "2014.11.20"]
[SourceVersion "1"]
[SourceVersionDate "2014.11.20"]
[SourceQuality "1"]
[WhiteTeam "Vallecas CDV"]
[BlackTeam "Collado Villalba"]
[WhiteTeamCountry "ESP"]
[BlackTeamCountry "ESP"]

1. e4 e5 2. Bc4 Nc6 3. Nc3 Nf6 4. d3 Na5 5. Nge2 Nxc4 6. dxc4 Bc5 7. 0-0 d6 8. Bg5 h6 9. Bxf6 Qxf6 10. Nd5 Qd8 11. Qd3 c6 12. Ne3 0-0 13. Rfd1 Be6 14. b3 Qg5 15. Ng3 g6 16. c3 a5 17. Nc2 h5 18. Qd2 Qf6 19. Nf1 d5 20. exd5 cxd5 21. cxd5 Bxd5 22. Nfe3 Be4 23. Qe2 Qc6 24. Rd2 f5 25. Qc4+ Kg7 26. b4 axb4 27. cxb4 Be7 28. f3 b5 29. Qb3 Bxc2 30. Rxc2 Qd6 31. Nd5 Bg5 32. Rc7+ Kh6 33. Rd1 Rad8 34. Kh1 e4 35. fxe4 fxe4 36. Rc5 e3 37. h4 Bf4 38. Nxe3 Qe7 39. Nd5 Qe2 40. Qd3 Qg4 41. Kg1 Rf5 42. Rxb5 Qxh4 43. Qh3 Qg5 44. Qc3 Rdxd5 45. Rbxd5 Be3+ 46. Qxe3 Qxe3+ 47. Kh1 Rf4 0-1

[Event "Collado Villalba op 30th"]
[Site "Collado Villalba"]
[Date "2013.08.27"]
[Round "5"]
[White "Moreno Ruiz, Javier"]
[Black "Madurga Lopez, Ignacio"]
[Result "1-0"]
[WhiteElo "2469"]
[BlackElo "2074"]
[PlyCount "71"]
[EventDate "2013.08.23"]
[EventType "swiss"]
[EventRounds "9"]
[EventCountry "ESP"]
[SourceTitle "CBM 156 Extra"]
[Source "ChessBase"]
[SourceDate "2013.10.22"]
[SourceVersion "1"]
[SourceVersionDate "2013.10.22"]
[SourceQuality "1"]

1. d4 Nf6 2. c4 Nc6 3. Nf3 e6 4. Nc3 Bb4 5. Qc2 d6 6. Bd2 0-0 7. a3 Bxc3 8. Bxc3 Re8 9. Rd1 Qe7 10. e3 e5 11. d5 Nb8 12. Nd2 Bg4 13. f3 Bh5 14. e4 Nfd7 15. Be2 Bg6 16. 0-0 a5 17. b4 b6 18. Nb3 axb4 19. axb4 Nf6 20. Ra1 Nbd7 21. Bd2 Qf8 22. Be3 Rxa1 23. Rxa1 Ra8 24. Qc3 h6 25. Bf1 Rxa1 26. Qxa1 Qb8 27. Qa4 Qb7 28. Bf2 Kh7 29. h4 h5 30. Qb5 Qa8 31. c5 bxc5 32. bxc5 Nxc5 33. Nxc5 dxc5 34. Bg3 Qa1 35. Qa6 Bxe4 36. Qxa1 1-0

[Event "Collado Villalba op 30th"]
[Site "Collado Villalba"]
[Date "2013.08.23"]
[Round "1"]
[White "De la Orden Alcocer, Alejandro"]
[Black "Madurga Lopez, Ignacio"]
[Result "0-1"]
[WhiteElo "1932"]
[BlackElo "2074"]
[PlyCount "80"]
[EventDate "2013.08.23"]
[EventType "swiss"]
[EventRounds "9"]
[EventCountry "ESP"]
[SourceTitle "CBM 156 Extra"]
[Source "ChessBase"]
[SourceDate "2013.10.22"]
[SourceVersion "1"]
[SourceVersionDate "2013.10.22"]
[SourceQuality "1"]

1. Nf3 g6 2. c4 Bg7 3. Nc3 d6 4. g3 e5 5. Bg2 f5 6. d3 Nf6 7. 0-0 0-0 8. Rb1 a5 9. a3 Re8 10. b4 axb4 11. axb4 h6 12. Bb2 c6 13. Qc2 d5 14. Qb3 e4 15. Nd4 Kh7 16. Ra1 dxc4 17. dxc4 Rxa1 18. Bxa1 e3 19. fxe3 Rxe3 20. Nc2 Re8 21. Rd1 Qe7 22. e3 Na6 23. Ne2 Ng4 24. Bxg7 Kxg7 25. Nf4 g5 26. Nh3 Be6 27. Nf2 Ne5 28. Bf1 b5 29. Qc3 Qf6 30. Nd4 bxc4 31. Nxe6+ Rxe6 32. e4 g4 33. Kg2 h5 34. exf5 Qxf5 35. Rd4 Rf6 36. Rf4 Qe6 37. Ne4 Rf5 38. Bxc4 Qxc4 39. Qd2 Rxf4 40. Qxf4 Qe2+ 0-1

[Event "Madrid-ch sf-B"]
[Site "Madrid"]
[Date "2013.03.22"]
[Round "6"]
[White "Madurga Lopez, Ignacio"]
[Black "Lopez Ziegler, Carlos"]
[Result "1/2-1/2"]
[WhiteElo "2027"]
[BlackElo "1913"]
[PlyCount "40"]
[EventDate "2013.03.07"]
[EventType "swiss"]
[EventRounds "9"]
[EventCountry "ESP"]
[SourceTitle "CBM 153 Extra"]
[Source "ChessBase"]
[SourceDate "2013.04.22"]
[SourceVersion "1"]
[SourceVersionDate "2013.04.22"]
[SourceQuality "1"]

1. e4 c5 2. d4 cxd4 3. c3 Nf6 4. e5 Nd5 5. cxd4 e6 6. Nf3 d6 7. a3 Bd7 8. Bd3 Nc6 9. 0-0 Rc8 10. b4 dxe5 11. dxe5 a6 12. Qe2 Be7 13. Qe4 Qc7 14. Re1 Ncxb4 15. axb4 Qxc1 16. Rxc1 Rxc1+ 17. Bf1 Bb5 18. Nfd2 Bxb4 19. Nc3 Nxc3 20. Qxb7 Ne2+ 1/2-1/2

[Event "Madrid Oliver Gonzalez Memorial-A 3rd"]
[Site "Madrid"]
[Date "2012.09.04"]
[Round "4"]
[White "Martin Duque, Jesus"]
[Black "Madurga Lopez, Ignacio"]
[Result "0-1"]
[WhiteElo "2261"]
[BlackElo "2052"]
[PlyCount "106"]
[EventDate "2012.09.01"]
[EventType "swiss"]
[EventRounds "9"]
[EventCountry "ESP"]
[SourceTitle "CBM 150 Extra"]
[Source "ChessBase"]
[SourceDate "2012.10.19"]
[SourceVersion "1"]
[SourceVersionDate "2012.10.19"]
[SourceQuality "1"]

1. e4 c5 2. Nf3 d6 3. d4 cxd4 4. Nxd4 Nf6 5. Nc3 Nc6 6. Bg5 e6 7. Qd2 a6 8. 0-0-0 Bd7 9. f4 h6 10. Bh4 g5 11. fxg5 Ng4 12. Be2 Nge5 13. Nxc6 Bxc6 14. Kb1 Be7 15. Rhf1 hxg5 16. Bg3 b5 17. Qd4 Qb8 18. a4 f6 19. a5 Qc7 20. b4 Rc8 21. Rd2 Bb7 22. Nd1 Nc4 23. Bxc4 Qxc4 24. Re1 Qxd4 25. Rxd4 e5 26. Rd2 Rc4 27. c3 Rxe4 28. Rxe4 Bxe4+ 29. Kb2 Kf7 30. h3 Ke6 31. Ne3 f5 32. Be1 d5 33. Kb3 Bd6 34. Ka3 Bb8 35. Kb3 Ba7 36. Nd1 f4 37. Nb2 g4 38. hxg4 Rg8 39. Nd3 Be3 40. Nc5+ Bxc5 41. bxc5 Rxg4 42. Kb2 Rxg2 43. Rxg2 Bxg2 44. Kc2 e4 45. Kd2 Bf1 46. Bh4 e3+ 47. Ke1 Bh3 48. Ke2 Bg4+ 49. Kd3 Ke5 50. Bd8 Bf5+ 51. Ke2 Ke4 52. Bf6 f3+ 53. Ke1 f2+ 0-1

[Event "Madrid-chT 1112 Promociones"]
[Site "Madrid"]
[Date "2012.03.18"]
[Round "1.15"]
[White "Madurga Lopez, Ignacio"]
[Black "Rivas Vila, Manuel"]
[Result "0-1"]
[WhiteElo "2092"]
[BlackElo "2187"]
[PlyCount "90"]
[EventDate "2012.03.18"]
[EventType "team"]
[EventRounds "2"]
[EventCountry "ESP"]
[SourceTitle "EXT 2014"]
[Source "ChessBase"]
[SourceDate "2013.11.20"]
[SourceVersion "1"]
[SourceVersionDate "2013.11.20"]
[SourceQuality "1"]
[WhiteTeam "Vallecas CDV"]
[BlackTeam "Blanco y Negro"]
[WhiteTeamCountry "ESP"]
[BlackTeamCountry "ESP"]

1. e4 c5 2. Nf3 e6 3. c3 d5 4. e5 Bd7 5. d4 Qb6 6. a3 Ne7 7. b4 cxb4 8. cxb4 Nbc6 9. Bb2 Rc8 10. Nc3 Na5 11. Na4 Qc6 12. b5 Qc7 13. Nc5 b6 14. Nxd7 Qxd7 15. Qa4 g6 16. Bd3 Nc4 17. Bc1 h6 18. 0-0 Bg7 19. Ra2 0-0 20. Nd2 Rc7 21. Rc2 Rfc8 22. Qb4 Bf8 23. Bxc4 Nf5 24. Qc3 dxc4 25. Nf3 Qxb5 26. g4 Ne7 27. Nd2 Qa4 28. Ra2 b5 29. Qh3 b4 30. Ne4 Nd5 31. Bxh6 Qb3 32. Qh4 Bxh6 33. Qxh6 Qf3 34. Ng5 Qxg4+ 35. Kh1 b3 36. Qh7+ Kf8 37. Rg1 Qxg1+ 38. Kxg1 bxa2 39. Nxe6+ Ke7 40. Ng5 a1Q+ 41. Kg2 Rf8 42. Qh4 Ke8 43. Ne4 Rd7 44. Nf6+ Nxf6 45. exf6 Qxd4 0-1

[Event "Madrid-ch U18"]
[Site "Madrid"]
[Date "2012.01.03"]
[Round "6"]
[White "Madurga Lopez, Ignacio"]
[Black "Pablos Tenrero, Raquel"]
[Result "1-0"]
[WhiteElo "2092"]
[BlackElo "1963"]
[PlyCount "61"]
[EventDate "2011.12.26"]
[EventType "swiss"]
[EventRounds "7"]
[EventCountry "ESP"]
[SourceTitle "EXT 2015"]
[Source "ChessBase"]
[SourceDate "2014.11.20"]
[SourceVersion "1"]
[SourceVersionDate "2014.11.20"]
[SourceQuality "1"]

1. e4 c6 2. Nc3 d5 3. Qf3 e6 4. d4 Bb4 5. e5 Ne7 6. a3 Ba5 7. Bd3 c5 8. b4 cxd4 9. Nb5 Bc7 10. Qg3 Ng6 11. Nf3 Nc6 12. 0-0 0-0 13. Nxc7 Qxc7 14. Re1 a6 15. h4 Re8 16. h5 Nf8 17. Bg5 f5 18. exf6 Qxg3 19. fxg3 e5 20. b5 axb5 21. Bxb5 Nd7 22. fxg7 Kxg7 23. Bxc6 bxc6 24. Nxd4 c5 25. Nf5+ Kh8 26. Ne7 Ra6 27. Nxd5 Rg8 28. Bh4 h6 29. Ne7 Re8 30. Rad1 Rxa3 31. Nxc8 1-0

[Event "Madrid-ch U18"]
[Site "Madrid"]
[Date "2011.12.29"]
[Round "4"]
[White "Madurga Lopez, Ignacio"]
[Black "Fernandez Lledo, Javier"]
[Result "1-0"]
[WhiteElo "2092"]
[BlackElo "2171"]
[PlyCount "49"]
[EventDate "2011.12.26"]
[EventType "swiss"]
[EventRounds "7"]
[EventCountry "ESP"]
[SourceTitle "EXT 2015"]
[Source "ChessBase"]
[SourceDate "2014.11.20"]
[SourceVersion "1"]
[SourceVersionDate "2014.11.20"]
[SourceQuality "1"]

1. e4 c5 2. Nf3 d6 3. d4 cxd4 4. Nxd4 Nf6 5. Nc3 h6 6. Bc4 e6 7. Be3 a6 8. Bb3 Be7 9. Qe2 Nbd7 10. Bxe6 fxe6 11. Nxe6 Qa5 12. Nxg7+ Kf7 13. Nf5 Bf8 14. 0-0-0 Qe5 15. f4 Qe6 16. Nd4 Qe7 17. Qc4+ d5 18. Nxd5 b5 19. Qc6 Qxe4 20. Qxa8 Bc5 21. Nf5 Qxf5 22. Bxc5 Nxc5 23. Nxf6 Qxf6 24. Qd5+ Ne6 25. f5 1-0

[Event "ESP-chT U16 4th"]
[Site "Benidorm"]
[Date "2011.12.08"]
[Round "2.2"]
[White "Piriz Fernandez, Daniel"]
[Black "Madurga Lopez, Ignacio"]
[Result "1-0"]
[WhiteElo "1947"]
[BlackElo "2091"]
[PlyCount "79"]
[EventDate "2011.12.07"]
[EventType "team"]
[EventRounds "6"]
[EventCountry "ESP"]
[SourceTitle "EXT 2015"]
[Source "ChessBase"]
[SourceDate "2014.11.20"]
[SourceVersion "1"]
[SourceVersionDate "2014.11.20"]
[SourceQuality "1"]
[WhiteTeam "Villafranca (U16)"]
[BlackTeam "Vallecas CDV U16"]
[WhiteTeamCountry "ESP"]
[BlackTeamCountry "ESP"]

1. d4 d6 2. c4 Nf6 3. Nc3 g6 4. e4 Bg7 5. Be2 0-0 6. Bg5 Na6 7. f4 c6 8. Nf3 Nc7 9. Bh4 b5 10. e5 Ng4 11. Qd2 Ba6 12. exd6 Qxd6 13. Ne4 Qd8 14. Ne5 Nxe5 15. dxe5 Qxd2+ 16. Nxd2 f6 17. exf6 exf6 18. Rc1 Rfe8 19. Kf2 Ne6 20. Bg3 f5 21. b3 Bd4+ 22. Kf1 Be3 23. Rd1 Nxf4 24. Bxf4 Bxf4 25. Nf3 Re3 26. Nd4 Rae8 27. cxb5 c5 28. Bc4+ Kh8 29. Ne2 Bb7 30. Nxf4 Rc3 31. Ne2 Rc2 32. Kf2 f4 33. Rd7 Bc8 34. Rxa7 Bg4 35. Re1 g5 36. b6 Bxe2 37. Rxe2 Rcxe2+ 38. Bxe2 Rb8 39. b7 Kg7 40. Ba6 1-0

[Event "Madrid Oliver Gonzalez Memorial 2nd"]
[Site "Madrid"]
[Date "2011.10.11"]
[Round "4"]
[White "Hernandez Gutierrez, Jose"]
[Black "Madurga Lopez, Ignacio"]
[Result "1/2-1/2"]
[WhiteElo "1890"]
[BlackElo "2057"]
[PlyCount "99"]
[EventDate "2011.10.08"]
[EventType "swiss"]
[EventRounds "9"]
[EventCountry "ESP"]
[SourceTitle "CBM 144 Extra"]
[Source "ChessBase"]
[SourceDate "2011.10.28"]
[SourceVersion "1"]
[SourceVersionDate "2011.10.28"]
[SourceQuality "1"]

1. e4 c5 2. Nf3 d6 3. Bb5+ Bd7 4. Bxd7+ Qxd7 5. 0-0 Nc6 6. c3 Nf6 7. Re1 e6 8. d3 Be7 9. Nbd2 0-0 10. Nf1 Rfd8 11. Ng3 Qc7 12. Qe2 h6 13. Bf4 Ne5 14. d4 Ng6 15. Bxd6 Bxd6 16. e5 Be7 17. exf6 Bxf6 18. dxc5 Qxc5 19. Ne4 Qe7 20. Nxf6+ Qxf6 21. Rad1 Rxd1 22. Rxd1 Rd8 23. Rxd8+ Qxd8 24. g3 Qd5 25. c4 Qf5 26. Kg2 Qg4 27. Kf1 h5 28. h4 e5 29. Nd2 Qxe2+ 30. Kxe2 f5 31. c5 Kf7 32. Nc4 Ke6 33. b4 Ne7 34. Kd3 Kd5 35. Ne3+ Kc6 36. Kc4 f4 37. b5+ Kd7 38. Nf1 Ke6 39. a4 Nf5 40. a5 fxg3 41. fxg3 e4 42. c6 bxc6 43. bxc6 Kd6 44. Nd2 Nxg3 45. Kb5 e3 46. Nc4+ Kc7 47. Nxe3 a6+ 48. Kc5 Ne4+ 49. Kd5 Nf6+ 50. Kc5 1/2-1/2

[Event "Madrid Oliver Gonzalez Memorial 2nd"]
[Site "Madrid"]
[Date "2011.10.09"]
[Round "2"]
[White "Roa Alonso, Santiago"]
[Black "Madurga Lopez, Ignacio"]
[Result "1-0"]
[WhiteElo "2420"]
[BlackElo "2057"]
[PlyCount "55"]
[EventDate "2011.10.08"]
[EventType "swiss"]
[EventRounds "9"]
[EventCountry "ESP"]
[SourceTitle "CBM 144 Extra"]
[Source "ChessBase"]
[SourceDate "2011.10.28"]
[SourceVersion "1"]
[SourceVersionDate "2011.10.28"]
[SourceQuality "1"]

1. d4 Nf6 2. c4 g6 3. Nc3 Bg7 4. e4 d6 5. Be2 0-0 6. Bg5 Na6 7. f4 c6 8. Bf3 Nc7 9. Nge2 Bg4 10. Qd3 Bxf3 11. Qxf3 Ne6 12. Bh4 c5 13. e5 dxe5 14. dxe5 Nd7 15. Rd1 g5 16. Qxb7 gxh4 17. Rxd7 Qa5 18. 0-0 Rfb8 19. Qe4 Rd8 20. Rxe7 Rab8 21. Nd5 Rxb2 22. Rxf7 Kxf7 23. Qf5+ Kg8 24. Qxe6+ Kh8 25. Nec3 Rb6 26. Qe7 Rbb8 27. Qxh4 Rf8 28. Qh5 1-0